000 00902nam a22002297a 4500
999 _c610
_d610
003 AR-CdUCM
008 190225b ||||| |||| 00| 0 spa d
040 _aMUNICIPALIDAD PROVINCIAL DEL CUSCO
_cBIBLIOTECA MUNICIPAL DEL CUSCO
082 _a925 /
_bB877
100 _aBrown, Sanborn C.
_92380
245 _aEl Conde Rumford :
_bFísico extraordinario /
260 _aArgentina :
_bUniversitaria de Buenos Aires ;
_c1962.
300 _a172 páginas. :
_bilustraciones ;
_c18 cm.
505 _aContenido: Vida de corte e investigación -- Thompson como reformador social -- Enfoque científico de la nutrición -- Inventor versátil -- Contribuciones a la teoría del calor...
650 _aExperimentos
_92381
650 _aFísica
_92382
650 _aConductividad
_92383
650 _aNutrición
_92384
650 _aFotómetro de Rumford
_92385
942 _2ddc
_cLIBROS
945 _anom
_d2019-02-25